| 000 | 01315cam a22003737a 4500 | ||
|---|---|---|---|
| 003 | CHAP | ||
| 005 | 20250515132607.0 | ||
| 008 | 050118d2004 mx r 00110 spa d | ||
| 010 | _a89309 | ||
| 011 | _a90281 | ||
| 035 | _a100837 | ||
| 040 | _cCHAP | ||
| 090 | _aTesis | ||
| 100 | 1 | 0 |
_aSantiago Ruiz, Gabriel Guadalupe _9102389 |
| 245 | 1 | 3 |
_aEl mercado de los alimentos en Japón el caso de la cerveza mexicana _c/por Gabriel Guadalupe Santiago Ruiz |
| 260 |
_aChapingo, Méx. : _bEl autor, _c2004. |
||
| 300 |
_a105 h. : _bgráfs. ; cuadros |
||
| 502 | _aTesis (Ing. Agroindustrial) - - UACH. Departamento de Ingeniería Agroindustrial | ||
| 590 |
_aALEPH _b10 _c20130110 _lUCH01 _h1502 |
||
| 590 |
_aBATCH-UPD _b10 _c20130110 _lUCH01 _h0555 |
||
| 590 |
_aBATCH-UPD _b10 _c20130110 _lUCH01 _h2305 |
||
| 590 |
_aBATCH-UPD _b10 _c20130410 _lUCH01 _h0236 |
||
| 590 |
_aBATCH-UPD _b10 _c20130914 _lUCH01 _h0917 |
||
| 590 |
_aCONVERSION _b10 _c20130109 _lUCH01 _h1349 |
||
| 650 | 1 | 4 |
_aCerveza. _921641 |
| 650 | 1 | 4 |
_aCerveza _xExportación. _921642 |
| 650 | 1 | 4 |
_aCerveza _xMercadeo. _921643 |
| 650 | 1 | 4 |
_aIndustria cervecera. _957799 |
| 901 | _aBK | ||
| 905 | _aLilia | ||
| 942 | _cFOLL | ||
| 949 |
_aTesis _bBC _cTES _d100837 _eTS1 _h43205 _i100837 _sb |
||
| 949 |
_aTesis _bBC _cTES _d33724000932091 _eTS2 _fc.2 _h43206 _i100837 _sb |
||
| 999 |
_c89309 _d89309 |
||